Punjab Ka Moqaddama (Record no. 325237)
[ view plain ]
| 000 -LEADER | |
|---|---|
| fixed length control field | 00361 a2200133 4500 |
| 001 - CONTROL NUMBER | |
| control field | 90164 |
| 003 - CONTROL NUMBER IDENTIFIER | |
| control field | NUST |
| 082 ## - DEWEY DECIMAL CLASSIFICATION NUMBER | |
| Classification number | 891.4394 HAN |
| 100 ## - MAIN ENTRY--PERSONAL NAME | |
| Personal name | Haneef Ramay Muhammad |
| 9 (RLIN) | 9794 |
| 245 ## - TITLE STATEMENT | |
| Title | Punjab Ka Moqaddama |
| Statement of responsibility, etc. | Muhammad Hanif Ramay |
| Medium | Urdu |
| 260 ## - PUBLICATION, DISTRIBUTION, ETC. | |
| Place of publication, distribution, etc. | Lahore |
| Name of publisher, distributor, etc. | Sang-e-Meel Publications |
| Date of publication, distribution, etc. | 2010 |
| 300 ## - PHYSICAL DESCRIPTION | |
| Extent | 200p. |
| 500 ## - GENERAL NOTE | |
| General note | General Collection |
| 942 ## - ADDED ENTRY ELEMENTS (KOHA) | |
| Institution code [OBSOLETE] | CAE NUST |
| Koha item type | Book |
| Call number prefix | 891.4394 HAN |
| Source of classification or shelving scheme | |
| Withdrawn status | Lost status | Damaged status | Not for loan | Collection code | Permanent Location | Current Location | Date acquired | Total Checkouts | Full call number | Barcode | Date last seen | Price effective from | Koha item type |
|---|---|---|---|---|---|---|---|---|---|---|---|---|---|
| College of Aeronautical Engineering (CAE) | College of Aeronautical Engineering (CAE) | 04/03/2017 | 891.4394 HAN | CAE86613 | 04/05/2017 | 04/05/2017 | Book |
